[Event "SR 2. liga A 2013/2014"]
[Site "?"]
[Date "2014.02.22"]
[Round "8.4"]
[White "Kovac, Andrej"]
[Black "Danada, Tomas"]
[Result "1-0"]
[WhiteElo "2171"]
[BlackElo "2099"]
[PlyCount "61"]
[EventDate "2013.??.??"]

1. b3 e5 2. Bb2 Nc6 3. e3 Nf6 4. d3 Bd6 5. Nd2 O-O 6. g3 Re8 7. Bg2 Bf8 8. Ne2
d5 9. h3 Be6 10. O-O Qd7 11. Kh2 d4 12. e4 Bd6 13. Nc4 b5 14. Nxd6 cxd6 15. f4
Qc7 16. f5 Bc8 17. g4 h6 18. Rc1 b4 19. a4 Bb7 20. Ng3 d5 21. h4 dxe4 22. dxe4
Nh7 23. f6 Nxf6 24. Rxf6 gxf6 25. Qd2 Qd6 26. Nh5 f5 27. gxf5 Kh7 28. Rg1 Rg8
29. Bc1 Rg4 30. Bh3 Rxh4 31. Rg6 1-0

[Event "SR 2. liga A 2013/2014"]
[Site "?"]
[Date "2014.02.22"]
[Round "8.4"]
[White "Petrik, Stanislav"]
[Black "Kralovic, Andrej"]
[Result "0-1"]
[WhiteElo "2175"]
[BlackElo "2172"]
[PlyCount "120"]
[EventDate "2013.??.??"]

1. e4 e5 2. Nf3 Nc6 3. d4 exd4 4. c3 Nf6 5. e5 Nd5 6. cxd4 d6 7. Qb3 Nb6 8. Ng5
Qd7 9. Bb5 h6 10. Nf3 a6 11. Be2 dxe5 12. dxe5 Qd5 13. Nbd2 Qxb3 14. Nxb3 Bb4+
15. Bd2 Bxd2+ 16. Nbxd2 Be6 17. O-O O-O-O 18. Rfc1 Nxe5 19. Ne4 Nxf3+ 20. Bxf3
Rhe8 21. Nc5 Bd5 22. Bg4+ Kb8 23. b4 g6 24. h4 h5 25. Bh3 f5 26. a4 Nd7 27. Nd3
Re4 28. g3 Ne5 29. Nxe5 Rxe5 30. Rd1 Ree8 31. Rd3 Be4 32. Re3 Bc6 33. Rb3 Bd5
34. Rd3 Be4 35. Re3 Bc2 36. Rc3 Rd1+ 37. Rxd1 Bxd1 38. a5 Re4 39. Rd3 Bc2 40.
Rd8+ Ka7 41. Rg8 Rxb4 42. Rxg6 Rb5 43. Rg5 Rxa5 44. Rxh5 b5 45. Rh7 Kb7 46.
Bg2+ Be4 47. h5 b4 48. Rf7 Ra1+ 49. Kh2 b3 50. f3 Bc2 51. h6 b2 52. h7 b1=Q 53.
h8=Q Qg1+ 54. Kh3 Qh1+ 55. Bxh1 Rxh1+ 56. Kg2 Rxh8 57. Rd7 a5 58. Rd2 Bb3 59.
Rb2 a4 60. g4 f4 0-1

[Event "SR 2. liga A 2013/2014"]
[Site "?"]
[Date "2014.02.22"]
[Round "8.4"]
[White "Kimerling, Martin"]
[Black "Karas, Marek"]
[Result "1/2-1/2"]
[WhiteElo "2109"]
[BlackElo "2037"]
[PlyCount "78"]
[EventDate "2013.??.??"]

1. d4 Nf6 2. c4 e6 3. Nc3 Bb4 4. a3 Bxc3+ 5. bxc3 c5 6. e3 O-O 7. Bd3 b6 8. Ne2
d6 9. O-O Nc6 10. e4 e5 11. d5 Na5 12. f4 Nd7 13. Ng3 exf4 14. Bxf4 Ne5 15. Nf5
Bxf5 16. exf5 f6 17. Bxe5 fxe5 18. Qg4 Rf6 19. Rae1 Qe7 20. Rf3 Qf7 21. Rh3 Rf8
22. Ree3 Kh8 23. Rh5 g6 24. Rxh7+ Qxh7 25. fxg6 Qxg6 26. Qxg6 Rxg6 27. Bxg6
Nxc4 28. Rh3+ Kg8 29. a4 Rf6 30. Bd3 Nb2 31. Bb5 Rf4 32. Rf3 Rxf3 33. gxf3 Nd1
34. c4 Kg7 35. Kf1 Ne3+ 36. Ke2 Nf5 37. Bd7 Nd4+ 38. Ke3 Kg6 39. f4 exf4+
1/2-1/2

[Event "SR 2. liga A 2013/2014"]
[Site "?"]
[Date "2014.02.22"]
[Round "8.4"]
[White "Helbich, Branislav"]
[Black "Sebo, Viktor"]
[Result "1-0"]
[WhiteElo "2050"]
[BlackElo "2039"]
[PlyCount "59"]
[EventDate "2013.??.??"]

1. e4 d6 2. d4 Nf6 3. Bd3 g6 4. f4 c5 5. dxc5 Qa5+ 6. c3 Qxc5 7. Qe2 Bg4 8. Nf3
Nbd7 9. Be3 Qc6 10. Nbd2 a6 11. O-O Nc5 12. Bc2 Bg7 13. h3 Bd7 14. Bd4 Ne6 15.
Be3 Nh5 16. Qf2 Nhxf4 17. Ng5 Nxg5 18. Qxf4 Bf6 19. Rad1 Bxh3 20. Qg3 Bxg2 21.
Qxg2 h6 22. Bb3 O-O-O 23. Bd5 Qd7 24. Bb6 Rdf8 25. Ba7 b5 26. Bb6 Nh3+ 27. Kh1
g5 28. e5 Nf4 29. Rxf4 gxf4 30. Be6 1-0

[Event "SR 2. liga A 2013/2014"]
[Site "?"]
[Date "2014.02.22"]
[Round "8.4"]
[White "Sklars, Tomas"]
[Black "Krajnak, Robert"]
[Result "1/2-1/2"]
[WhiteElo "2004"]
[BlackElo "2045"]
[PlyCount "30"]
[EventDate "2013.??.??"]

1. e4 c5 2. Nf3 e6 3. d4 cxd4 4. Nxd4 Nc6 5. Be3 Nf6 6. Nd2 d5 7. exd5 Qxd5 8.
c4 Qd7 9. Nxc6 Qxc6 10. Qf3 Bd7 11. Be2 Be7 12. Qxc6 Bxc6 13. Bf3 Bxf3 14. Nxf3
O-O 15. Ke2 b6 1/2-1/2

[Event "SR 2. liga A 2013/2014"]
[Site "?"]
[Date "2014.02.22"]
[Round "8.4"]
[White "Goga, Frantisek"]
[Black "Sahidi, Samir"]
[Result "1/2-1/2"]
[WhiteElo "1887"]
[BlackElo "1885"]
[PlyCount "163"]
[EventDate "2013.??.??"]

1. e4 c5 2. Nf3 a6 3. c3 Nf6 4. e5 Nd5 5. d4 cxd4 6. Bc4 Nc7 7. Ng5 Ne6 8. Qf3
Nxg5 9. Bxg5 f6 10. exf6 exf6 11. Qh5+ Ke7 12. Qf7+ Kd6 13. Bf4+ Kc6 14. Qd5+
Kb6 15. O-O Nc6 16. cxd4 Nb4 17. Qf3 d5 18. Bb3 Nc6 19. Nc3 Be6 20. Rad1 Bd6
21. Be3 Ne7 22. Na4+ Ka7 23. Nc5 Bf7 24. Rfe1 b6 25. Nd3 Bg6 26. Nf4 Bf7 27.
Bd2 Qd7 28. Rc1 Rac8 29. g3 Qf5 30. Qd1 Rxc1 31. Qxc1 Rc8 32. Qb1 Qxb1 33. Rxb1
g5 34. Ne2 Bg6 35. Rc1 Rxc1+ 36. Bxc1 Be4 37. Nc3 Bf3 38. Bd1 Bxd1 39. Nxd1 Kb7
40. Nc3 Kc6 41. Kf1 h5 42. Ke2 Nf5 43. Kd3 Nh6 44. Nd1 b5 45. h4 Nf7 46. hxg5
Nxg5 47. Nc3 b4 48. Ne2 Kd7 49. Nf4 Bxf4 50. Bxf4 Ne4 51. f3 Nd6 52. Bxd6 Kxd6
53. Ke3 a5 54. b3 Ke7 55. f4 Ke6 56. Ke2 Kf5 57. Kf3 Kg6 58. Ke3 h4 59. g4 f5
60. g5 h3 61. Kf3 h2 62. Kg2 Kg7 63. Kxh2 Kf7 64. Kg3 Kg7 65. Kh3 Kh7 66. Kg3
Kg7 67. Kf3 Kf8 68. Kf2 Kg8 69. Kg3 Kh7 70. Kh3 Kg7 71. Kh2 Kh7 72. Kg3 Kg7 73.
Kf3 Kh8 74. Ke3 Kh7 75. Kd3 Kg7 76. a3 Kg6 77. axb4 axb4 78. Ke3 Kh5 79. Kf3
Kg6 80. Kg3 Kg7 81. Kh3 Kh7 82. Kg3 1/2-1/2

[Event "SR 2. liga A 2013/2014"]
[Site "?"]
[Date "2014.02.22"]
[Round "8.5"]
[White "Federic, Jozef"]
[Black "Sosovicka, Juraj"]
[Result "1/2-1/2"]
[WhiteElo "2269"]
[BlackElo "2188"]
[PlyCount "51"]
[EventDate "2013.??.??"]

1. d4 Nf6 2. Nf3 d5 3. c4 e6 4. g3 Bb4+ 5. Nbd2 dxc4 6. Bg2 b5 7. O-O Bb7 8.
Nxc4 bxc4 9. Qa4+ Nc6 10. Ne5 Nd5 11. Nxc6 Qd7 12. Bxd5 exd5 13. Qxb4 Qxc6 14.
b3 Qb6 15. Qc3 cxb3 16. Qe3+ Qe6 17. Qxb3 Qb6 18. Qe3+ Qe6 19. Rb1 Qxe3 20.
Bxe3 Ba6 21. Rfc1 O-O 22. Rxc7 Bxe2 23. Rbb7 a6 24. Kg2 Rac8 25. Rc5 Bc4 26.
Rxc8 1/2-1/2

[Event "SR 2. liga A 2013/2014"]
[Site "?"]
[Date "2014.02.22"]
[Round "8.5"]
[White "Zatko, Gregor"]
[Black "Federic, Pavol"]
[Result "1/2-1/2"]
[WhiteElo "2188"]
[BlackElo "2172"]
[PlyCount "105"]
[EventDate "2013.??.??"]

1. e4 e5 2. Nf3 Nc6 3. Bb5 a6 4. Ba4 Nf6 5. d3 b5 6. Bb3 Bc5 7. c3 Bb6 8. Nbd2
O-O 9. Nf1 d5 10. Qe2 d4 11. Ng3 Qd6 12. O-O h6 13. h3 Rd8 14. c4 Na5 15. Qc2
Be6 16. Nd2 Nc6 17. a3 Ne7 18. Nf3 Nd7 19. Bd2 Kh8 20. Rac1 Rf8 21. Nh4 f5 22.
c5 Bxc5 23. Bxe6 Qxe6 24. Ngxf5 Bd6 25. Nxe7 Bxe7 26. Nf5 c5 27. b4 Rac8 28.
Nxe7 Qxe7 29. bxc5 Rxc5 30. Qb2 Rxc1 31. Rxc1 Qf6 32. Bb4 Rf7 33. Rc8+ Kh7 34.
Qc2 Qf4 35. Rc6 Rf6 36. Rxf6 Qxf6 37. Qc7 Qe6 38. Qd6 Qxd6 39. Bxd6 Kg6 40. Kf1
Kf6 41. f4 exf4 42. Bxf4 Nc5 43. Ke2 a5 44. Bd2 Nb3 45. Kd1 Ke5 46. Kc2 a4 47.
Bb4 h5 48. Bf8 g6 49. Bh6 Ke6 50. Bg7 Kd6 51. g4 hxg4 52. hxg4 Ke6 53. Bf8
1/2-1/2

[Event "SR 2. liga A 2013/2014"]
[Site "?"]
[Date "2014.02.22"]
[Round "8.5"]
[White "Matejovic, Juraj"]
[Black "Oprea, Erik"]
[Result "1-0"]
[WhiteElo "2186"]
[BlackElo "2130"]
[PlyCount "119"]
[EventDate "2013.??.??"]

1. e4 d5 2. exd5 Qxd5 3. Nc3 Qa5 4. d4 c6 5. Nf3 Bg4 6. h3 Bh5 7. g4 Bg6 8. Ne5
e6 9. Bg2 Bd6 10. Nc4 Qc7 11. Nxd6+ Qxd6 12. Ne4 Bxe4 13. Bxe4 Ne7 14. c3 f5
15. gxf5 exf5 16. Bf3 O-O 17. Qb3+ Kh8 18. Bd2 b5 19. O-O-O Nd5 20. Rhe1 Nd7
21. Bxd5 Qxd5 22. Qxd5 cxd5 23. Re7 Nf6 24. f3 h6 25. Re5 f4 26. Bxf4 Nh7 27.
Bd2 Rxf3 28. Rxd5 a6 29. Rh1 Nf6 30. Re5 Re8 31. Rxe8+ Nxe8 32. Re1 Nd6 33. Re3
Rf1+ 34. Kc2 Nc4 35. Re8+ Kh7 36. b3 Nd6 37. Re6 Nf5 38. Rxa6 b4 39. cxb4 Nxd4+
40. Kd3 Nf3 41. b5 Ne5+ 42. Ke2 Rh1 43. b6 Rh2+ 44. Kd1 Rh1+ 45. Kc2 Rxh3 46.
b7 Nd7 47. Rd6 Nb8 48. Rd8 Na6 49. Ra8 Rh5 50. a4 Rc5+ 51. Kd1 Rc7 52. b8=Q
Nxb8 53. Rxb8 h5 54. a5 h4 55. Rb4 g5 56. Bxg5 h3 57. Rh4+ Kg6 58. Bd2 Rh7 59.
Rxh7 Kxh7 60. Bf4 1-0

[Event "SR 2. liga A 2013/2014"]
[Site "?"]
[Date "2014.02.22"]
[Round "8.5"]
[White "Hricak, Vasil"]
[Black "Mydlarik, Martin"]
[Result "0-1"]
[WhiteElo "2118"]
[BlackElo "2112"]
[PlyCount "64"]
[EventDate "2013.??.??"]

1. b3 e5 2. Bb2 Nc6 3. e3 a6 4. g3 d5 5. Bg2 Be6 6. d3 Qd7 7. Nd2 f6 8. a3 Nge7
9. h3 g6 10. Qe2 Bg7 11. e4 O-O 12. exd5 Bxd5 13. Bxd5+ Nxd5 14. Ngf3 Rfe8 15.
O-O-O Rad8 16. h4 f5 17. h5 e4 18. dxe4 Bxb2+ 19. Kxb2 fxe4 20. Ng5 Qg7+ 21.
Kc1 Qa1+ 22. Nb1 Qxb1+ 23. Kxb1 Nc3+ 24. Kb2 Nxe2 25. hxg6 hxg6 26. Rde1 Re5
27. Nh7 Rd2 28. Nf6+ Kg7 29. Ng4 Rc5 30. Ne3 Ncd4 31. Rd1 Rcxc2+ 32. Nxc2 Rxc2+
0-1

[Event "SR 2. liga A 2013/2014"]
[Site "?"]
[Date "2014.02.22"]
[Round "8.5"]
[White "Banasova, Katarina"]
[Black "Sosovicka, Matej"]
[Result "1/2-1/2"]
[WhiteElo "2144"]
[BlackElo "2098"]
[PlyCount "64"]
[EventDate "2013.??.??"]

1. e4 e5 2. Bc4 Nf6 3. d3 Nc6 4. Nf3 Bc5 5. O-O d6 6. c3 a6 7. Bb3 O-O 8. Nbd2
Ba7 9. Re1 Ng4 10. Re2 Kh8 11. h3 Nh6 12. Nf1 f5 13. exf5 Nxf5 14. N1h2 Qf6 15.
Qe1 Ng3 16. Rc2 Na5 17. Be3 Nxb3 18. axb3 Nh5 19. Bxa7 Rxa7 20. Qe3 Ra8 21. Ng4
Bxg4 22. hxg4 Nf4 23. Nh2 Qe6 24. c4 Qg6 25. Rd2 Ne6 26. b4 Nd4 27. Ra3 Rae8
28. f3 c6 29. Nf1 Rf7 30. Ng3 Ref8 31. Rf2 Qe6 32. Ra1 Qd7 1/2-1/2

[Event "SR 2. liga A 2013/2014"]
[Site "?"]
[Date "2014.02.22"]
[Round "8.5"]
[White "Prikler, Bruno"]
[Black "Mruskovic, Radoslav"]
[Result "1-0"]
[WhiteElo "2090"]
[BlackElo "1985"]
[PlyCount "75"]
[EventDate "2013.??.??"]

1. c4 Nf6 2. Nc3 c5 3. g3 g6 4. Bg2 Bg7 5. e3 O-O 6. Nge2 e5 7. O-O d6 8. a3
Nc6 9. h3 Be6 10. Nd5 Qd7 11. Kh2 Ne8 12. Rb1 f5 13. f4 Nf6 14. d3 Rae8 15. b4
e4 16. Nec3 Bf7 17. bxc5 Na5 18. dxe4 Nxe4 19. Nxe4 fxe4 20. Qc2 Bxd5 21. cxd5
dxc5 22. Bxe4 c4 23. Bg2 c3 24. e4 b5 25. e5 Rc8 26. e6 Qd6 27. Rxb5 Nc4 28.
Qa4 a6 29. Rb7 Nd2 30. Re1 Rfe8 31. Qd7 Qf8 32. d6 Kh8 33. Qxg7+ Qxg7 34. Rxg7
Kxg7 35. d7 Rcd8 36. dxe8=Q Rxe8 37. Bd5 Rxe6 38. Rxe6 1-0

[Event "SR 2. liga A 2013/2014"]
[Site "?"]
[Date "2014.02.22"]
[Round "8.5"]
[White "Hlubovic, Michal"]
[Black "Ochrana, Ladislav"]
[Result "1-0"]
[WhiteElo "1782"]
[BlackElo "2045"]
[PlyCount "111"]
[EventDate "2013.??.??"]

1. Nf3 d5 2. g3 c5 3. Bg2 Nc6 4. d3 e5 5. O-O Be7 6. e4 dxe4 7. dxe4 Qxd1 8.
Rxd1 Nf6 9. c3 O-O 10. Be3 b6 11. Nbd2 Bb7 12. Bg5 Rfd8 13. Bxf6 Bxf6 14. Nc4
Ba6 15. Ne3 Bd3 16. Ne1 Be2 17. Rdc1 Bg5 18. Rc2 Bh5 19. Nd5 Kf8 20. h4 Be7 21.
Nf3 Bg4 22. Nh2 Be6 23. Rd1 Rd7 24. Rcd2 Rad8 25. Bf1 Rc8 26. h5 Bg5 27. f4
exf4 28. gxf4 Bh6 29. Rd3 Ne7 30. c4 f5 31. e5 Bf7 32. Be2 Nc6 33. R1d2 Nd4 34.
Nf3 Nxe2+ 35. Rxe2 Be6 36. b3 Rb7 37. a4 Re8 38. Rf2 Rd7 39. Nh4 Red8 40. Rfd2
Rf7 41. Kf2 Rb7 42. Kg3 Kf7 43. Kf3 Bd7 44. Rg2 Ke6 45. Rgd2 Rdb8 46. Ne3 Rf8
47. Nhxf5 Rxf5 48. Nxf5 Be8 49. Nxh6 Bxh5+ 50. Ke4 gxh6 51. f5+ Ke7 52. Rh2 Be8
53. Rxh6 Kf8 54. Rd8 Kg7 55. Rhd6 Kf7 56. e6+ 1-0

[Event "SR 2. liga A 2013/2014"]
[Site "?"]
[Date "2014.02.22"]
[Round "8.5"]
[White "Kucera, Michal"]
[Black "Horvath, Marek"]
[Result "1/2-1/2"]
[WhiteElo "1943"]
[BlackElo "1811"]
[PlyCount "48"]
[EventDate "2013.??.??"]

1. e4 e5 2. Nf3 Nf6 3. Nxe5 d6 4. Nf3 Nxe4 5. Nc3 Nxc3 6. dxc3 Bg4 7. Be3 Nc6
8. Be2 Be7 9. Qd2 Qd7 10. O-O-O O-O-O 11. h3 Bxf3 12. Bxf3 Kb8 13. Bf4 f5 14.
h4 Bf6 15. Qd5 Rhe8 16. g3 Qe6 17. Qb5 a6 18. Qa4 Ne5 19. Bxe5 dxe5 20. Be2 Qb6
21. Rhf1 e4 22. Qb3 Qxb3 23. axb3 h6 24. Bh5 Rxd1+ 1/2-1/2

[Event "SR 2. liga A 2013/2014"]
[Site "?"]
[Date "2014.02.22"]
[Round "8.6"]
[White "Maslik, Miroslav"]
[Black "Dolnak, Michal"]
[Result "1/2-1/2"]
[WhiteElo "2366"]
[BlackElo "2164"]
[PlyCount "77"]
[EventDate "2013.??.??"]

1. d4 Nf6 2. c4 g6 3. Nc3 Bg7 4. e4 d6 5. Nf3 O-O 6. Bg5 h6 7. Be3 e5 8. h3
Nbd7 9. dxe5 dxe5 10. Be2 c6 11. O-O Qe7 12. Qc2 Nh5 13. Qc1 Kh7 14. Nh2 Nf4
15. Bxf4 exf4 16. Qxf4 Nc5 17. Qe3 Bxc3 18. bxc3 Re8 19. Rfe1 b6 20. Bg4 Ba6
21. Bf3 Rad8 22. e5 Rd3 23. Qf4 h5 24. Bxc6 Ne6 25. Qc1 Rc8 26. Be4 Rd7 27. Bd5
Bxc4 28. Bxe6 Bxe6 29. Nf3 Rd3 30. Ng5+ Kg7 31. Ne4 Qh4 32. Re3 Rxe3 33. Qxe3
Rc4 34. Ng5 Qf4 35. Nxe6+ fxe6 36. Qd3 Rc5 37. Qd7+ Qf7 38. Qd4 Rd5 39. Qe4
1/2-1/2

[Event "SR 2. liga A 2013/2014"]
[Site "?"]
[Date "2014.02.22"]
[Round "8.6"]
[White "Bronis, Marian"]
[Black "Gabris, Ondrej"]
[Result "0-1"]
[WhiteElo "2175"]
[BlackElo "2243"]
[PlyCount "81"]
[EventDate "2013.??.??"]

1. d4 Nf6 2. c4 g6 3. Nc3 Bg7 4. e4 d6 5. Nge2 Na6 6. Ng3 Nd7 7. Be2 O-O 8. O-O
e5 9. d5 Qh4 10. f4 exf4 11. Bxf4 Ne5 12. Qd2 h6 13. Rae1 Kh7 14. Nb5 Bg4 15.
b3 Bxe2 16. Rxe2 Qe7 17. Rfe1 Nc5 18. Re3 a6 19. Nd4 Ng4 20. Rf3 Qh4 21. Ngf5
gxf5 22. Nxf5 Qf6 23. Nxg7 Qxg7 24. Rg3 f5 25. Bxh6 Qxh6 26. Rh3 Qxh3 27. gxh3
Ne5 28. Qf4 Nxe4 29. Kh1 Ng6 30. Qf3 Kg7 31. h4 Nxh4 32. Rg1+ Ng6 33. h4 Kf6
34. h5 Ne5 35. Qf4 Rh8 36. Qh4+ Kf7 37. h6 Rag8 38. Qh5+ Kf6 39. Rxg8 Rxg8 40.
h7 Rh8 41. b4 0-1

[Event "SR 2. liga A 2013/2014"]
[Site "?"]
[Date "2014.02.22"]
[Round "8.6"]
[White "Madar, Martin"]
[Black "Biro, Karol"]
[Result "1-0"]
[WhiteElo "2135"]
[BlackElo "2190"]
[PlyCount "57"]
[EventDate "2013.??.??"]

1. e4 b6 2. Bc4 e6 3. Nf3 d5 4. exd5 exd5 5. Bb3 Nf6 6. O-O Be7 7. h3 O-O 8. d4
Bb7 9. c3 c5 10. Be3 Nc6 11. Re1 Na5 12. Bc2 Nc4 13. Bc1 cxd4 14. Nxd4 Re8 15.
Nd2 Bc5 16. N2f3 Rxe1+ 17. Qxe1 Qd7 18. Rb1 Ne4 19. Qd1 Qe7 20. Qd3 Ne5 21.
Nxe5 Qxe5 22. Be3 a5 23. Nf3 Qe7 24. Re1 g6 25. Nd2 Ba6 26. Qxd5 Bb7 27. Bxc5
Bxd5 28. Bxe7 Nxd2 29. Rd1 1-0

[Event "SR 2. liga A 2013/2014"]
[Site "?"]
[Date "2014.02.22"]
[Round "8.6"]
[White "Petreje, Juraj"]
[Black "Gazi, Mikulas"]
[Result "0-1"]
[WhiteElo "2106"]
[BlackElo "2108"]
[PlyCount "66"]
[EventDate "2013.??.??"]

1. d4 Nf6 2. c4 g6 3. Nc3 d5 4. Nf3 Bg7 5. Bg5 Ne4 6. Bh4 Nxc3 7. bxc3 c5 8. e3
O-O 9. Nd2 cxd4 10. cxd4 Nc6 11. Be2 dxc4 12. Qa4 c3 13. Ne4 Bd7 14. Qa3 b5 15.
Qxc3 Rc8 16. Nc5 b4 17. Qd2 Bf5 18. O-O Nxd4 19. exd4 Bxd4 20. Rad1 Bxc5 21.
Qb2 Qb6 22. Bc4 a5 23. Bb3 Rfd8 24. Qe2 Be6 25. Bg5 Kg7 26. Qe5+ Kg8 27. Bh6
Bd4 28. Qg5 Bf6 29. Qg3 Bxb3 30. Qxb3 Rxd1 31. Rxd1 Rd8 32. Be3 Rxd1+ 33. Qxd1
Qd6 0-1

[Event "SR 2. liga A 2013/2014"]
[Site "?"]
[Date "2014.02.22"]
[Round "8.6"]
[White "Janos, Ivan"]
[Black "Kebis, Milos"]
[Result "1-0"]
[WhiteElo "2105"]
[BlackElo "1997"]
[PlyCount "87"]
[EventDate "2013.??.??"]

1. e4 e5 2. Nf3 Nc6 3. Bc4 Nf6 4. d3 Be7 5. O-O O-O 6. Bb3 d6 7. Re1 Na5 8.
Nbd2 Bg4 9. h3 Bh5 10. Nf1 Nxb3 11. axb3 a5 12. Ng3 Bg6 13. Nf5 Qd7 14. Nxe7+
Qxe7 15. Bg5 Qe6 16. Qd2 b6 17. Bxf6 Qxf6 18. b4 axb4 19. Qxb4 Bh5 20. Nh2 Qe6
21. Ra4 Rxa4 22. Qxa4 Bg6 23. Ra1 f5 24. Qc6 fxe4 25. dxe4 Qf7 26. f3 h5 27.
Ra7 Rc8 28. Nf1 Kh7 29. Qb7 Qg8 30. Ne3 Bf7 31. Nf5 Be6 32. Ne7 Qf8 33. Nxc8
Qf4 34. Ra1 Bxh3 35. Qa6 Qg3 36. Qe2 Bxc8 37. Ra7 c5 38. c3 b5 39. Qf2 Qg5 40.
g3 h4 41. g4 Qc1+ 42. Kg2 Qf4 43. Qxh4+ Kg6 44. Qh5+ 1-0

[Event "SR 2. liga A 2013/2014"]
[Site "?"]
[Date "2014.02.22"]
[Round "8.6"]
[White "Mandak, Miroslav"]
[Black "Syrovy, Ivan"]
[Result "1-0"]
[WhiteElo "2008"]
[BlackElo "2029"]
[PlyCount "99"]
[EventDate "2013.??.??"]

1. e4 c5 2. Nf3 g6 3. Bc4 Bg7 4. O-O Nc6 5. c3 e5 6. d3 Na5 7. Bd5 Ne7 8. b4
cxb4 9. cxb4 Nac6 10. Nc3 d6 11. Rb1 O-O 12. Bc4 Bg4 13. h3 Bxf3 14. Qxf3 Nd4
15. Qd1 a6 16. a4 Kh8 17. Be3 f5 18. Nd5 Rb8 19. Bg5 Re8 20. Nxe7 Rxe7 21. exf5
Nxf5 22. Bxe7 Qxe7 23. a5 Nd4 24. Qd2 Qh4 25. Bd5 Bh6 26. Qe1 Qh5 27. Kh2 g5
28. Qe4 Rf8 29. Qg4 Qg6 30. Rbc1 Qxd3 31. Rfd1 Qb5 32. Ba2 Rxf2 33. Rc8+ Bf8
34. Rxd4 exd4 35. Qxd4+ Qe5+ 36. Qxe5+ dxe5 37. Bd5 h5 38. Bf3 Kg8 39. Bxb7 Rb2
40. Bxa6 Rxb4 41. Bc4+ Kg7 42. Rc7+ Kg6 43. a6 e4 44. Rc6+ Kf5 45. a7 Ra4 46.
Ra6 Bd6+ 47. g3 Rxc4 48. a8=Q Rc2+ 49. Kh1 Rd2 50. Ra5+ 1-0

[Event "SR 2. liga A 2013/2014"]
[Site "?"]
[Date "2014.02.22"]
[Round "8.6"]
[White "Hulla, Stanislav"]
[Black "Faltan, Peter"]
[Result "1/2-1/2"]
[WhiteElo "1978"]
[BlackElo "1988"]
[PlyCount "56"]
[EventDate "2013.??.??"]

1. d4 d5 2. c4 e6 3. Nc3 Nf6 4. cxd5 exd5 5. Bg5 Be7 6. Qc2 O-O 7. e3 c6 8. Bd3
h6 9. Bh4 a5 10. Nge2 Na6 11. a3 Be6 12. O-O c5 13. Bf5 Qd7 14. Bxe6 fxe6 15.
Nf4 Bd6 16. Ng6 Rf7 17. f4 Qe8 18. Rf3 Rc8 19. Qe2 Nd7 20. Ne5 Nxe5 21. fxe5
Rxf3 22. Qxf3 Bf8 23. Rf1 Nc7 24. a4 cxd4 25. exd4 Bb4 26. b3 Qg6 27. Ne2 Rf8
28. Qe3 Rxf1+ 1/2-1/2

[Event "SR 2. liga A 2013/2014"]
[Site "?"]
[Date "2014.02.22"]
[Round "8.6"]
[White "Mikulasek, Viktor"]
[Black "Zacik, Anton"]
[Result "1/2-1/2"]
[WhiteElo "1873"]
[BlackElo "1959"]
[PlyCount "22"]
[EventDate "2013.??.??"]

1. e4 c5 2. Nf3 e6 3. d4 cxd4 4. Nxd4 Nf6 5. Nc3 Bb4 6. Bd3 e5 7. Nde2 d5 8.
exd5 Qxd5 9. O-O Qd8 10. a3 Be7 11. Ng3 Nc6 1/2-1/2

[Event "SR 2. liga A 2013/2014"]
[Site "?"]
[Date "2014.02.23"]
[Round "9.1"]
[White "Pagerka, Martin"]
[Black "Sipos, Istvan"]
[Result "0-1"]
[WhiteElo "2224"]
[BlackElo "2465"]
[PlyCount "100"]
[EventDate "2013.??.??"]

1. e4 e6 2. Qe2 e5 3. Nf3 Nc6 4. g3 Nf6 5. Bg2 Bc5 6. O-O O-O 7. d3 Re8 8. Bg5
h6 9. Be3 Bb6 10. c4 d6 11. h3 Nd4 12. Nxd4 exd4 13. Bc1 c6 14. Nd2 d5 15. cxd5
cxd5 16. e5 Nd7 17. f4 Nc5 18. Nf3 Bf5 19. Rd1 Rc8 20. Kh2 Na4 21. g4 Bd7 22.
Qf2 f6 23. Nh4 fxe5 24. Bxd5+ Be6 25. Bxe6+ Rxe6 26. f5 Rec6 27. Ng6 Rc2 28.
Bd2 Nxb2 29. f6 Qxf6 30. Qxf6 gxf6 31. Ne7+ Kg7 32. Kg3 Nxd1 33. Rxd1 Rh8 34.
Nf5+ Kg6 35. a4 h5 36. a5 Bc7 37. Ne7+ Kf7 38. Nd5 hxg4 39. hxg4 e4+ 40. Nxc7
e3 41. Bxe3 dxe3 42. Nd5 Re8 43. Nf4 e2 44. Re1 Ra2 45. Ng2 Rxa5 46. Rh1 Rd5
47. Kf2 Rxd3 48. Rh7+ Kg6 49. Rh1 e1=Q+ 50. Nxe1 Rd2+ 0-1

[Event "SR 2. liga A 2013/2014"]
[Site "?"]
[Date "2014.02.23"]
[Round "9.1"]
[White "Berczes, Csaba"]
[Black "Jozefek, Michal"]
[Result "1-0"]
[WhiteElo "2366"]
[BlackElo "2168"]
[PlyCount "43"]
[EventDate "2013.??.??"]

1. Nf3 Nf6 2. g3 d5 3. Bg2 c6 4. O-O Bg4 5. c4 e6 6. d3 Bd6 7. Nc3 Nbd7 8. cxd5
exd5 9. Qc2 O-O 10. e4 dxe4 11. dxe4 Re8 12. Nh4 Bb4 13. h3 Bh5 14. f4 Bxc3 15.
bxc3 Nc5 16. g4 Ncxe4 17. gxh5 Ng3 18. Rd1 Nd5 19. Nf5 Ne2+ 20. Kh1 Nexc3 21.
Bb2 Re2 22. Qxc3 1-0

[Event "SR 2. liga A 2013/2014"]
[Site "?"]
[Date "2014.02.23"]
[Round "9.1"]
[White "Bury, Rastislav"]
[Black "Janko, Michal"]
[Result "1/2-1/2"]
[WhiteElo "2120"]
[BlackElo "2260"]
[PlyCount "25"]
[EventDate "2013.??.??"]

1. d4 f5 2. g3 Nf6 3. Bg2 e6 4. Nf3 d5 5. O-O Bd6 6. c4 c6 7. Bf4 Bxf4 8. gxf4
O-O 9. Ne5 Nbd7 10. Nd2 Ne4 11. Rc1 Qh4 12. e3 Nxe5 13. dxe5 1/2-1/2

[Event "SR 2. liga A 2013/2014"]
[Site "?"]
[Date "2014.02.23"]
[Round "9.1"]
[White "Farkas, Gabor"]
[Black "Jablonicky, Frantisek"]
[Result "1-0"]
[WhiteElo "2307"]
[BlackElo "2146"]
[PlyCount "135"]
[EventDate "2013.??.??"]

1. d4 f5 2. c4 Nf6 3. Nf3 g6 4. g3 Bg7 5. Bg2 O-O 6. O-O d6 7. Nc3 Qe8 8. d5
Na6 9. Nd4 Bd7 10. Rb1 c6 11. dxc6 bxc6 12. b4 Rc8 13. Nc2 Ng4 14. Na4 Ne5 15.
c5 d5 16. Nc3 Nc7 17. Nd4 e6 18. Bf4 h6 19. h4 a6 20. a4 Kh7 21. Rb3 Qe7 22. e3
Nc4 23. Bxc7 Rxc7 24. Nc2 a5 25. Ne2 Ra7 26. Nf4 axb4 27. h5 gxh5 28. Rxb4 Bc3
29. Rb3 Be5 30. Nd4 Bxf4 31. exf4 Qxc5 32. Re1 Qe7 33. Qxh5 Qf6 34. Nf3 Be8 35.
Qh1 Kg7 36. Ne5 Nxe5 37. fxe5 Qe7 38. Ra1 c5 39. Rb6 Bg6 40. a5 Rb7 41. Qh4 Rf7
42. Qa4 Rc7 43. a6 c4 44. Rc6 Rf8 45. Qb5 Be8 46. Rxc7 Qxc7 47. Qb4 Bc6 48. a7
Ra8 49. Qc5 Qb7 50. Bf3 Be8 51. Kh2 c3 52. Bd1 Qc6 53. Qe7+ Kg8 54. Bc2 Qd7 55.
Qc5 Qc6 56. Qe3 Qb7 57. Qxh6 Rxa7 58. Rxa7 Qxa7 59. Qxe6+ Bf7 60. Qxf5 Qb6 61.
Kg1 d4 62. Qg5+ Kf8 63. g4 Qa6 64. Qd8+ Kg7 65. Qxd4 Qa1+ 66. Kh2 Be6 67. Qe4
Qf1 68. Qg6+ 1-0

[Event "SR 2. liga A 2013/2014"]
[Site "?"]
[Date "2014.02.23"]
[Round "9.1"]
[White "Polasek, Filip"]
[Black "Janko, Ladislav"]
[Result "1/2-1/2"]
[WhiteElo "2085"]
[BlackElo "2202"]
[PlyCount "67"]
[EventDate "2013.??.??"]

1. e4 c5 2. Nf3 Nc6 3. d4 cxd4 4. Nxd4 Nf6 5. Nc3 g6 6. Be3 Bg7 7. Qd2 O-O 8.
f3 d5 9. exd5 Nxd5 10. Nxc6 bxc6 11. Nxd5 cxd5 12. c3 Qc7 13. Be2 Bb7 14. O-O
a5 15. Rac1 Rfd8 16. f4 Bc6 17. f5 a4 18. Bd4 Rab8 19. Bg4 Bd7 20. Bxg7 Kxg7
21. Rf2 Qc4 22. Rf4 Qc5+ 23. Kh1 Be8 24. fxg6 hxg6 25. Rcf1 e5 26. Rf6 Rb6 27.
Qg5 Rdd6 28. R6f3 f6 29. Qh4 g5 30. Qh3 Qc7 31. Bf5 Kg8 32. Qg4 Qc4 33. Qh3 Qc7
34. Qg4 1/2-1/2

[Event "SR 2. liga A 2013/2014"]
[Site "?"]
[Date "2014.02.23"]
[Round "9.1"]
[White "Balogh, Peter"]
[Black "Jablonicky, Martin"]
[Result "0-1"]
[WhiteElo "2081"]
[BlackElo "1967"]
[PlyCount "116"]
[EventDate "2013.??.??"]

1. e4 e5 2. Nf3 Nc6 3. Nc3 Nf6 4. d4 exd4 5. Nxd4 Bc5 6. Nxc6 dxc6 7. Qxd8+
Kxd8 8. Bg5 Be7 9. h3 Nd7 10. Bxe7+ Kxe7 11. f4 h6 12. Bc4 g5 13. g3 Rg8 14.
O-O-O Nb6 15. Bd3 Be6 16. f5 Bc4 17. e5 Bxd3 18. Rxd3 Rad8 19. Re3 Nd5 20.
Nxd5+ cxd5 21. g4 Rh8 22. h4 h5 23. hxg5 hxg4 24. Rg1 Rdg8 25. Rxg4 Rh1+ 26.
Kd2 Rf1 27. c4 Rxf5 28. cxd5 Rgxg5 29. Rc4 Rxe5 30. Rxc7+ Kd6 31. Rxe5 Rxe5 32.
Rxb7 Rxd5+ 33. Ke3 Re5+ 34. Kf4 Re2 35. Rxa7 Rxb2 36. Kf5 Rf2+ 37. Kg5 Rf1 38.
a4 f5 39. Ra5 Ke6 40. Ra6+ Ke5 41. Ra5+ Ke4 42. Rb5 Rg1+ 43. Kf6 f4 44. Rb4+
Ke3 45. Rb3+ Ke2 46. Rb2+ Ke1 47. Rb3 Rg3 48. Rb1+ Ke2 49. Rb2+ Ke3 50. Rb3+
Kf2 51. Rb2+ Kg1 52. Rb1+ Kh2 53. Rb2+ Rg2 54. Rb3 Rf2 55. Ke5 f3 56. a5 Kg2
57. Kd5 Ra2 58. Kd4 f2 0-1